01479nam a2200361 a 4500001001000000003000900010005001700019007001000036008004100046020001500087040002200102082002700124100002900151245009400180250001300274260003800287300002700325490003900352504002700391600003400418650004000452651005500492651003700547700002600584830004000610910003800650942001200688945003300700952011900733952012500852952012500977999001501102000007137DO-SdBNP20210917101210.0000007137090717s2009 dr 001 0 spa d z999347696X aBPMSUbspacBPMSU04a923.57293bG633C, 20091 aCassá, Roberto,d1942-10aMáximo Gómez :blibertador de Cuba /cRoberto Cassá ; ilustración Ramiro Manzano. a3a. ed.  aSanto Domingo :bTobogán,c2009 a65 p. :bil. ;c21 cm.1 aBiografías dominicanas Tobogán aBibliografía : p. 6514aGÓMEZ, MÁXIMO,d1836-1905 4aREVOLUCIONARIOSzCUBAxBIOGRAFÍAS 4aCUBAxHISTORIAyGUERRA DE INDEPENDENCIA, 1895-1898 4aREPÚBLICA DOMINICANAxHISTORIA1 aManzano, Ramiro,eil. 0aBiografías dominicanas Tobogán. aValidado. Control de calidad MFF 2ddccMP aTitulo remanejado para BNPHU 00102ddc40708CDaBPMETbBPMETd2015-02-19l0o923.57293 G633C, 2009pBPMSU15040055r2015-02-19w2015-02-19yBK 00102ddc40708CDaBPMETbBPMETd2015-02-19l0o923.57293 G633C, 2009pBPMSU15040056r2015-02-19te. 2w2015-02-19yBK 00102ddc40708CDaBPMETbBPMETd2015-02-19l0o923.57293 G633C, 2009pBPMSU15040057r2015-02-19te. 3w2015-02-19yBK c7462d7462